Introducción al derecho / Francisco Heredero Ram
Descripción Física:
95 p. ; 30 cm
Materias:
Dret
MARC
| LEADER | 00000nam a2200000Ia 4500 | ||
|---|---|---|---|
| 001 | 2336 | ||
| 003 | BGR | ||
| 005 | 20260324175214.0 | ||
| 008 | 160829s9999 xx 000 0 cat d | ||
| 080 | |a D-1-2 | ||
| 100 | |a Heredero Ram, Francisco |9 20210 | ||
| 245 | |a Introducción al derecho / Francisco Heredero Ram | ||
| 260 | |a Barcelona : |b Diputació de Barcelona, Escola d'Arts i Oficis, [1986] | ||
| 300 | |a 95 p. ; |c 30 cm | ||
| 650 | 0 | |a Dret |9 19950 | |
| 710 | 2 | |a Escola d'Arts i Oficis (Barcelona, Catalunya) |9 55874 | |
| 901 | |a Arxiu | ||
| 942 | |n 1 |2 udc |c MON | ||
| 952 | |0 0 |1 0 |4 0 |6 D12 |7 1 |9 41491 |a Arxiu |b Arxiu |d 2016-12-01 |l 0 |o D-1-2 |p 2336 |r 2016-12-01 00:00:00 |w 2016-12-01 |y ARXIU | ||
| 999 | |c 43299 |d 43299 | ||